• 首页
  • 本馆介绍
  • 公告通知
  • 最新文献
  • 馆藏检索
  • 电子资源
  • 读者导购
  • 参考咨询
  • 我的图书馆
  • 登录
  • 详细信息显示
  • 放入我的书架
  • 预约/预借图书
  • 作者相关作品
  • 分类相关作品
  • 丛书相关作品
  • 出版社相关作品

书目信息

  • 表格格式
  • 工作单格式
  • 卡片格式
题名:
转基因作物土壤环境安全研究
    
 
作者: 修伟明 著
分册:  
出版信息: 北京   科学出版社  2017.6
页数: 219页
开本: 24cm
丛书名:
单 册:
中图分类: S33
科图分类:
主题词: 转基因植物--作物--土壤环境--安全--研究
电子资源:
ISBN: 978-7-03-053011-0
000 00966nam0 2200253 450
001 0400009197
005 20171119105102.0
010    @a978-7-03-053011-0@dCNY95.00
100    @a20170802d2017 em y0chiy50 ea
101 0  @achi
102    @aCN@b110000
105    @aa z 000yy
106    @ar
200 1  @a转基因作物土壤环境安全研究@Azhuan ji yin zuo wu tu rang huan jing an quan yan jiu@f修伟明 ... 等著
210    @a北京@c科学出版社@d2017.6
215    @a219页@c图@d24cm
300    @a国家自然科学基金 转基因生物新品种培育科技重大专项 天津市“131”创新型人才培养工程资助
304    @a著者还有:赵建宁、李刚、杨殿林等
330    @a本书围绕转基因棉花、转基因大豆、转基因水稻等重大产品对土壤生态环境的影响开展了科学研究,为转基因作物安全评价、科学监管、推进产业化提供了科学依据。
606 0  @a转基因植物@x作物@x土壤环境@x安全@x研究
690    @aS33@v5
701  0 @a修伟明@Axiu wei ming@4著
801  0 @aCN@b上海新华@c20171119
905    @b1028592-6@dS33@e51@f5
    
    转基因作物土壤环境安全研究/修伟明 ... 等著.-北京:科学出版社,2017.6
    219页:图;24cm
    国家自然科学基金 转基因生物新品种培育科技重大专项 天津市“131”创新型人才培养工程资助
    
    ISBN 978-7-03-053011-0:CNY95.00
    本书围绕转基因棉花、转基因大豆、转基因水稻等重大产品对土壤生态环境的影响开展了科学研究,为转基因作物安全评价、科学监管、推进产业化提供了科学依据。
●
相关链接 在E读中查询图书 在五车中查询图书 在当当中查询图书 在豆瓣中查询图书


正题名:转基因作物土壤环境安全研究     索取号:S33/51         预约/预借

序号 登录号 条形码 馆藏地/架位号 状态 备注
1 1028592   210285920   第二样本阅览室/ [索取号:S33/51] 在馆    
2 1028593   210285939   密集书库-生命科学系/ [索取号:S33/51] 在馆    
3 1028594   210285948   第三借阅区/ [索取号:S33/51] 在馆    
4 1028595   210285957   第三借阅区/ [索取号:S33/51] 在馆    
5 1028596   210285966   第三借阅区/ [索取号:S33/51] 在馆    
唐山师范学院图书馆 欢迎您!
大连网信软件有限公司© 版权所有